Statistiques concernant Complétez ces Communes avec un mot

Cliquez ici pour prendre le quiz!

Statistiques générales

  • Ce quiz a été pris 767 fois
  • Le résultat moyen est 15 sur 16

Statistiques - réponses

HintRéponse% Correct
Bord--eaux
97%
Carcas--sonne
96%
Nar--bonne
95%
Br--est
95%
Tour--coing
94%
Péri--gueux
93%
Poi--tiers
93%
Au--bagne
92%
Sois--sons
92%
Château--roux
91%
La--val
91%
Bel--fort
90%
Chau--mont
90%
Ne--vers
89%
Anne--masse
81%
Ba--yeux
81%

Distribution des résultats

Percentile par nombre de réponses

% des personnes avec chaque résultat

Votre développement - résultats

Vous n’avez pas pris ce quiz